| 000 | 00487nam a2200145Ia 4500 | ||
|---|---|---|---|
| 008 | 170221s9999 xx 000 0 und d | ||
| 100 | _aLynette I. Wood | ||
| 245 | 4 | _aThe impact of decision aid use on the dilution effect when assessing fraud | |
| 245 | _cLynette I. Wood, Winston-Salem State University. | ||
| 260 | _bJournal of Management and Marketing Research | ||
| 260 | _c2015 | ||
| 300 | _a4 : 2 | ||
| 650 | _xBusiness | ||
| 856 | _uhttp://www.aabri.com/manuscripts/121118.pdf | ||
| 999 |
_c313608 _d313608 |
||